Every Lego Ideas Set That Has Been Released - Statistics

General Stats
  • This quiz has been taken 10 times
  • The average score is 15 of 57
Answer Stats
Hint Answer % Correct
21313 Ship in a Bottle
67%
21316 The Flintstones
67%
21323 Grand Piano
44%
21328 Seinfeld
44%
21336 The Office
44%
21326 Winnie the Pooh
44%
21308 Adventure Time
33%
21319 Central Perk
33%
21320 Dinosaur Fossils
33%
21304 Doctor Who
33%
21109 Exo Suit
33%
21329 Fender Stratocaster
33%
21108 Ghostbusters Ecto-1
33%
21101 Hayabusa
33%
21330 Home Alone
33%
21322 Pirates of Barracuda Bay
33%
21315 Pop-Up Book
33%
21302 The Big Bang Theory
33%
21103 The DeLorean Time Machine
33%
21318 Tree House
33%
21327 Typewriter
33%
21311 Voltron
33%
21303 WALL-E
33%
21312 Women of NASA
33%
21324 123 Sesame Street
22%
21301 Birds
22%
21307 Caterham Seven 620R
22%
21321 International Space Station
22%
21334 Jazz Quartet
22%
21305 Maze
22%
21325 Medieval Blacksmith
22%
21309 NASA Apollo Saturn V
22%
21104 NASA Mars Science Laboratory Curiosity Rover
22%
21310 Old Fishing Store
22%
21110 Research Institute
22%
21100 Shinkai 6500 Submarine
22%
21331 Sonic the Hedgehog - Green Hill Zone
22%
21317 Steamboat Willie
22%
21337 Table Football
22%
21306 The Beatles Yellow Submarine
22%
21314 Tron: Legacy
22%
21338 A-Frame Cabin
11%
21339 BTS Dynamite
11%
40533 Cosmic Cardboard Adventures
11%
21341 Disney Hocus Pocus: The Sanderson Sisters' Cottage
11%
21102 Minecraft Micro World - The Forest
11%
21335 Motorized Lighthouse
11%
40566 Ray the Castaway
11%
40487 Sailboat Adventure
11%
40335 Space Rocket Ride
11%
21340 Tales of the Space Age
11%
21332 The Globe
11%
21342 The Insect Collection
11%
40595 Tribute to Galileo Galilei
11%
21343 Viking Village
11%
21333 Vincent van Gogh - The Starry Night
11%
40448 Vintage Car
11%
No matching quizzes found
Score Distribution
Percent of People with Each Score
Percentile by Number Answered
Your Score History
You have not taken this quiz